|
|
|
|
| LEADER |
01006nam a2200289 a 4500 |
| 001 |
109 |
| 003 |
BD-DhAAL |
| 005 |
20151007103143.0 |
| 008 |
151007s1996 mauab b 001 0 eng d |
| 010 |
|
|
|a 95076969
|
| 020 |
|
|
|a 0395678196
|
| 020 |
|
|
|a 0395741580
|
| 040 |
|
|
|a NNBC
|c NNBC
|d DLC
|d BD-DhAAL
|
| 050 |
0 |
0 |
|a E178.1
|b .P4 1996
|
| 082 |
0 |
0 |
|a 973
|2 20
|
| 245 |
0 |
2 |
|a A people and a nation :
|b a history of the United States /
|c Mary Beth Norton ... [et al.].
|
| 246 |
1 |
4 |
|a People & a nation
|
| 250 |
|
|
|a Brief ed., 4th ed.
|
| 260 |
|
|
|a Boston :
|b Houghton Mifflin Co.,
|c c1996.
|
| 300 |
|
|
|a xvi, 1080 p. :
|b ill. (some col.), maps (some col.) ;
|c 26 cm.
|
| 504 |
|
|
|a Includes bibliographical references and index.
|
| 541 |
|
|
|e 109
|
| 651 |
|
0 |
|a United States
|x History.
|9 15188
|
| 700 |
1 |
|
|a Norton, Mary Beth.
|9 15189
|
| 942 |
|
|
|2 ddc
|c BK
|
| 999 |
|
|
|c 35702
|d 35702
|
| 952 |
|
|
|0 0
|1 0
|2 ddc
|4 0
|6 973_000000000000000_PEO
|7 0
|9 56153
|a SCL
|b SCL
|c GEN
|d 2015-10-07
|l 0
|o 973 PEO
|p 3020000109
|r 2015-10-07
|t 1
|w 2015-10-07
|y BK
|